[Event "Michigan Action"]
[Site "Detroit, MI"]
[Date "2000.12.16"]
[Round "4.2"]
[White "al-Shareef, Robert"]
[Black "Chobanyan, Sergei"]
[Result "0-1"]
[WhiteElo "1841"]
[BlackElo "2295"]
[Annotator "Jeff Aldrich"]
[PlyCount "69"]
[EventDate "2000.12.16"]

{Reti: King's Indian} 1. Nf3 Nf6 2. g3 d5 3. Bg2 Nbd7 4. O-O e5 5. d3 Be7 6.
Re1 {I don't like the idea of using the rook to support the e4 push. It won't
open the file for the rook.} O-O 7. e4 dxe4 8. dxe4 c6 9. Nc3 Qc7 10. Be3 Rd8 {
And now black is the one to take advantage of the file that was opened by 7.e4.
} 11. Qe2 a5 12. a3 b6 13. Rad1 ({Maybe a case of wrong rook. Playing} 13. Red1
{would give the queen another option after black's next move. It is not like
the rook was needed on the e-file.}) 13... Ba6 14. Qd2 Ng4 {Removing the
dark-squared bishop.} 15. Qc1 Nxe3 16. Qxe3 Bc5 17. Qg5 f6 18. Qh4 Nf8 19. Bh3
Rxd1 20. Rxd1 Rd8 21. Rxd8 Qxd8 22. Bf5 b5 23. Nxe5 {Winning a pawn but giving
the queen access to the white king via the d2-square.} b4 24. Nxc6 Qd2 25. Qf4
Qe1+ 26. Kg2 Bf1+ 27. Kf3 Qxf2+ 28. Kg4 h5+ 29. Kxh5 Qxh2+ 30. Qh4 Qxh4+ 31.
Kxh4 bxc3 32. b4 axb4 33. axb4 Bd6 34. Kg4 g6 35. Bc8 {And the scoresheets ran
out. But black has a piece and a simple idea is 35 ... Bd3, winning atleast a
pawn.} 0-1

[Event "Michigan Action"]
[Site "Detroit, MI"]
[Date "2000.12.16"]
[Round "3.17"]
[White "Wilder, Derek"]
[Black "Jarrett, Thomas"]
[Result "1/2-1/2"]
[WhiteElo "876"]
[BlackElo "1106"]
[PlyCount "36"]
[EventDate "2000.12.16"]

1. Nf3 e6 2. g3 c5 3. e4 d5 4. exd5 exd5 5. Bg2 Nf6 6. O-O Be7 7. d4 c4 8. c3
Nc6 9. Bg5 Qb6 10. Qd2 Ne4 11. Qc1 Bxg5 12. Nxg5 Nxg5 13. Qxg5 Qxb2 14. Nd2
Qxc3 15. Bxd5 Nxd4 16. Bxc4 h6 17. Qe3+ Qxe3 18. fxe3 Nc2 {Could not figure
out remaining couple of moves.} 1/2-1/2

[Event "Michigan Action"]
[Site "Detroit, MI"]
[Date "2000.12.16"]
[Round "1.10"]
[White "West, Tony"]
[Black "LaFerriere, Adam"]
[Result "1-0"]
[WhiteElo "1731"]
[BlackElo "917"]
[PlyCount "37"]
[EventDate "2000.12.16"]

1. e4 Nf6 2. Nc3 d5 3. exd5 Nxd5 4. d4 e6 5. Nf3 Bb4 6. Bd2 Nc6 7. a3 Bxc3 8.
bxc3 O-O 9. Bd3 f6 10. O-O Qd6 11. c4 Nde7 12. Re1 Nxd4 13. Nxd4 Qxd4 14. Re4
Qd6 15. Rh4 Nf5 16. Qh5 Nxh4 17. Bxh7+ Kh8 18. Bg6+ Kg8 19. Qh7# 1-0

[Event "Michigan Action"]
[Site "Detroit, MI"]
[Date "2000.12.16"]
[Round "4.4"]
[White "West, Tony"]
[Black "Herreshoff, Matt"]
[Result "1-0"]
[WhiteElo "1731"]
[BlackElo "1684"]
[PlyCount "60"]
[EventDate "2000.12.16"]

1. e4 e6 2. d4 d5 3. Nc3 Bb4 4. e5 c5 5. a3 Bxc3+ 6. bxc3 Qc7 7. Nf3 b6 8. Bd3
Ba6 9. O-O Bxd3 10. Qxd3 Ne7 11. Bd2 c4 12. Qe3 Nd7 13. Qf4 Ng6 14. Qg4 O-O-O
15. a4 Qc6 16. Ng5 Rdf8 17. f4 Ne7 18. a5 b5 19. Rfb1 a6 20. Bc1 h6 21. Nh3 h5
22. Qf3 f6 23. Ba3 Rf7 24. Qe3 Nf5 25. Qe2 h4 26. Re1 fxe5 27. dxe5 Qc7 28. Ng5
Ng3 29. Qf2 Rf5 30. Bd6 Qc6 {End of scoresheet.} 1-0

[Event "Michigan Action"]
[Site "Detroit, MI"]
[Date "2000.12.16"]
[Round "6.3"]
[White "West, Tony"]
[Black "Aldrich, Jeff"]
[Result "0-1"]
[WhiteElo "1731"]
[BlackElo "1900"]
[Annotator "Jeff Aldrich"]
[PlyCount "78"]
[EventDate "2000.12.16"]

1. e4 c6 2. d4 d5 3. exd5 cxd5 4. c4 Nf6 5. Nc3 e6 6. Nf3 Bb4 7. a3 Be7 $6 {
It's probably better to exchange the bishop for the knight. That is the price
of committing the bishop with my sixth move. The text just wastes a tempo.} 8.
Bd3 O-O 9. O-O Nc6 10. h3 a6 11. cxd5 Nxd5 12. Qc2 h6 13. Re1 Bf6 14. Nxd5 Qxd5
15. Be3 {In this position, black's idea is to go after white's isolated d-pawn.
White wants to push and trade the pawn off, the use his lead in development in
an open game.} Qd6 16. Rad1 Rd8 17. Qc1 Qf8 18. Bf1 Bd7 19. b4 $6 {White
misses his chance to push the d-pawn.} Rac8 20. Qc5 $2 {White instead tries to
create a queen-side majority by trading queens. He misses the defense, though,
and his queen gets knocked around. DIAGRAM} Ne7 21. Qb6 Bc6 22. Ne5 Nd5 23. Qc5
Be7 24. Qc2 Nxe3 25. Rxe3 Bf3 26. Qd2 ({White could give up the queen for a
rook and bishop with} 26. Qxc8 Rxc8 27. Rxf3 {which is only slightly better
than the game continuation.}) 26... Bxd1 27. Qxd1 Bf6 28. Qf3 Rxd4 29. Qxb7
Bxe5 30. Rxe5 Rd1 31. Qxa6 Rcc1 32. Rc5 Rxf1+ 33. Qxf1 Rxf1+ 34. Kxf1 Qd6 35.
Ke2 Qd4 36. Rc8+ Kh7 37. b5 Qb2+ 38. Kd1 Qxb5 39. Kc2 Kg6 {And white resigns a
few moves later.} 0-1

[Event "Michigan Action"]
[Site "Detroit, MI"]
[Date "2000.12.16"]
[Round "3.20"]
[White "Weeks, Shanar"]
[Black "Rodriguez, Rigoberto"]
[Result "0-1"]
[WhiteElo "896"]
[BlackElo "769"]
[PlyCount "70"]
[EventDate "2000.12.16"]

1. e4 c5 2. Bc4 b6 3. Nf3 Nc6 4. O-O e6 5. Re1 g6 6. Nc3 Bg7 7. e5 Nge7 8. d3
Qc7 9. Bf4 O-O 10. Nb5 Qb8 11. Ng5 Nd4 12. Nxd4 cxd4 13. Qf3 f6 14. exf6 Qb7
15. Qxb7 Bxb7 16. fxg7 Rxf4 17. g3 Rf5 18. Nxe6 dxe6 19. Bxe6+ Kxg7 20. Bxf5
Nxf5 21. Re2 Bf3 22. Re5 Rf8 23. Rae1 Rc8 24. h3 Rxc2 25. g4 Nh4 26. g5 Nf5 27.
Re6 h6 28. gxh6+ Kxh6 29. Re8 Kg5 30. Ra8 Bxa8 31. Rf1 Rxb2 32. f4+ Kh4 33. Re1
Rxa2 34. Re8 Kg3 35. Rg8 Ra1# 0-1

[Event "Michigan Action"]
[Site "Detroit, MI"]
[Date "2000.12.16"]
[Round "1.13"]
[White "Weeks, Shanar"]
[Black "Jointer, William"]
[Result "0-1"]
[WhiteElo "896"]
[BlackElo "1648"]
[PlyCount "26"]
[EventDate "2000.12.16"]

1. e4 g6 2. Bc4 Bg7 3. Nf3 c6 4. O-O d5 5. exd5 cxd5 6. Be2 Nf6 7. Re1 O-O 8.
c4 d4 9. Bd3 Nc6 10. Ne5 Nb4 11. a3 Nxd3 12. Nxd3 Bf5 13. Ne5 Qc7 {Could not
decipher remainder of scoresheet.} 0-1

[Event "Michigan Action"]
[Site "Detroit, MI"]
[Date "2000.12.16"]
[Round "6.18"]
[White "Watkins, Anthony"]
[Black "Spencer, Tyrone"]
[Result "0-1"]
[WhiteElo "794"]
[BlackElo "957"]
[PlyCount "56"]
[EventDate "2000.12.16"]

1. e4 c5 2. Bc4 d6 3. Qf3 Nf6 4. Qd1 a6 5. Nf3 e6 6. d4 cxd4 7. Nxd4 b5 8. Bb3
Bb7 9. f3 Qc7 10. O-O Qb6 11. Be3 e5 12. f4 Bxe4 13. fxe5 dxe5 14. Nf5 Bc5 15.
Nxg7+ Kf8 16. Bxc5+ Qxc5+ 17. Rf2 Kxg7 18. a4 b4 19. Nd2 Rd8 20. Qc1 Nc6 21.
Nxe4 Nxe4 22. Kh1 Nxf2+ 23. Kg1 Nd3+ 24. Qe3 Qxe3+ 25. Kh1 Nf2+ 26. Kg1 Rd1+
27. Rxd1 Nxd1+ 28. Kh1 Qe1# 0-1

[Event "Michigan Action"]
[Site "Detroit, MI"]
[Date "2000.12.16"]
[Round "2.18"]
[White "Watkins, Anthony"]
[Black "McFolley, Tyrone"]
[Result "0-1"]
[WhiteElo "794"]
[BlackElo "1065"]
[PlyCount "48"]
[EventDate "2000.12.16"]

1. d4 Nf6 2. f3 e6 3. e4 Nxe4 4. fxe4 Qh4+ 5. g3 Qxe4+ 6. Ne2 Qxh1 7. g4 Qxh2
8. Bf4 Qh4+ 9. Bg3 Qxg4 10. Nbc3 Bb4 11. a3 Bxc3+ 12. bxc3 d6 13. Bf4 Nd7 14.
Qb1 e5 15. dxe5 dxe5 16. Bc1 O-O 17. a4 b5 18. Ba3 Re8 19. Ng1 Qxg1 20. c4 Qe3+
21. Be2 Nf6 22. Bc1 Qg3+ 23. Kf1 Ne4 24. Be3 Bh3# 0-1

[Event "Michigan Action"]
[Site "Detroit, MI"]
[Date "2000.12.16"]
[Round "4.23"]
[White "Watkins, Anthony"]
[Black "Haugabook, Rashad"]
[Result "1-0"]
[WhiteElo "794"]
[BlackElo "708"]
[PlyCount "47"]
[EventDate "2000.12.16"]

1. e4 e5 2. Bc4 Nf6 3. Nf3 Bc5 4. O-O Nc6 5. Ng5 Nxe4 6. Bxf7+ Kf8 7. d3 Nxg5
8. Bd5 d6 9. Bxc6 bxc6 10. Bd2 Bd4 11. Qc1 h6 12. g3 Nf3+ 13. Kh1 Nxd2 14. Qxd2
Ba6 15. f4 e4 16. dxe4 Bxf1 17. Qxd4 c5 18. Nd2 Be2 19. Qd5 Rg8 20. Re1 Bb5 21.
e5 dxe5 22. Qxc5+ Qe7 23. Rxe5 Rb8 24. Qxe7# 1-0

[Event "Michigan Women's"]
[Site "Detroit, MI"]
[Date "2000.12.16"]
[Round "1.3"]
[White "Trice, Shevonne"]
[Black "Nichols, Glenda"]
[Result "1-0"]
[WhiteElo "1004"]
[BlackElo "681"]
[PlyCount "23"]
[EventDate "2000.12.16"]

1. e4 e5 2. Nf3 Nc6 3. Bc4 Qe7 4. Nc3 d6 5. d3 Nd4 6. Ng5 Qd7 7. Nxf7 Nf6 8.
Nxh8 Qc6 9. Bg5 Ng4 10. Bf7+ Kd7 11. Qxg4+ Ne6 12. Qxe6# 1-0

[Event "Michigan Women's"]
[Site "Detroit, MI"]
[Date "2000.12.16"]
[Round "3.2"]
[White "Trice, Shevonne"]
[Black "Cottrell, Kelly"]
[Result "0-1"]
[WhiteElo "1004"]
[BlackElo "965"]
[PlyCount "116"]
[EventDate "2000.12.16"]

1. e4 e5 2. Nf3 Nc6 3. Bc4 h6 4. Nc3 Nf6 5. O-O Bc5 6. d3 d6 7. a3 Bg4 8. h3
Bh5 9. Qe2 Nd4 10. Qd1 Nxf3+ 11. gxf3 O-O 12. Qe2 c6 13. Be3 Bxe3 14. Qxe3 Nh7
15. Kh2 Qf6 16. Kg2 Qg5+ 17. Kh2 Qxe3 18. fxe3 Ng5 19. f4 Nh7 20. fxe5 dxe5 21.
d4 Rae8 22. d5 Rd8 23. dxc6 bxc6 24. Rf5 Bg6 25. Rxe5 Ng5 26. Bd3 Nf3+ 27. Kg3
Nxe5 28. Ba6 Rd2 29. Ne2 Bxe4 30. Kf4 Bxc2 31. Kxe5 Re8+ 32. Kf4 g5+ 33. Kg3
Bg6 34. Kf2 Bh5 35. b4 Rb2 36. Rc1 Re6 37. Rd1 Rf6+ 38. Kg1 Bxe2 39. Bxe2 Rxe2
40. a4 Kg7 41. a5 Rff2 42. a6 Ra2 43. e4 Rfb2 44. e5 Rxb4 45. e6 fxe6 46. h4 c5
47. h5 Kf6 48. Rf1+ Rf4 49. Re1 c4 50. Rd1 c3 51. Rc1 c2 52. Re1 Rb4 53. Kg2
Rb1 54. Rxb1 cxb1=Q+ 55. Kg3 Ra4 56. Kf2 Qb3 57. Ke2 Ra2+ 58. Ke1 Qb1# 0-1

[Event "Michigan Women's"]
[Site "Detroit, MI"]
[Date "2000.12.16"]
[Round "4.1"]
[White "Sturdivant, Ashley"]
[Black "Skidmore, Jennifer"]
[Result "0-1"]
[WhiteElo "888"]
[BlackElo "1924"]
[PlyCount "90"]
[EventDate "2000.12.16"]

1. e4 e5 2. Nf3 Nc6 3. Bc4 Be7 4. O-O Nf6 5. d3 d6 6. h3 O-O 7. Nc3 Na5 8. Bd5
c6 9. Bc4 b5 10. Bb3 Nb7 11. Be3 a5 12. a4 b4 13. Ne2 Qc7 14. c3 c5 15. Bd2 Nd8
16. cxb4 axb4 17. Bg5 Ne6 18. Bxf6 Bxf6 19. Bd5 Ra5 20. Nd2 Bd7 21. Re1 Nf4 22.
Bb3 Nxd3 23. Rf1 Nf4 24. Nxf4 exf4 25. Qf3 Bxb2 26. Ra2 Be5 27. Nc4 Ra6 28.
Nxe5 dxe5 29. Rd1 c4 30. Rc2 Be6 31. Rdc1 Rc6 32. Qe2 Rc8 33. Qf3 Qb7 34. Qd1
g6 35. Qe2 cxb3 36. Rxc6 Rxc6 37. Rb1 Rc2 38. Qd1 Qxe4 39. a5 Bd5 40. f3 Qe3+
41. Kh1 Qf2 42. Qg1 Qxg1+ 43. Kxg1 b2 44. a6 Rc1+ 45. Rxc1 bxc1=Q+ 0-1

[Event "Michigan Action"]
[Site "Detroit, MI"]
[Date "2000.12.16"]
[Round "2.12"]
[White "Steen, Harold"]
[Black "Prong, Paul"]
[Result "1-0"]
[WhiteElo "1618"]
[BlackElo "917"]
[PlyCount "35"]
[EventDate "2000.12.16"]

1. d4 Nf6 2. Nf3 e6 3. e3 c5 4. Bd3 Nc6 5. b3 Bd6 6. Bb2 e5 7. dxe5 Qa5+ 8.
Nbd2 Nxe5 9. Nxe5 Nd5 10. Nec4 Qc7 11. Nxd6+ Qxd6 12. Nc4 Qc7 13. Qh5 d6 14.
Qxd5 Ke7 15. Qg5+ f6 16. Qxg7+ Kd8 17. Bxf6+ Qe7 18. Qxe7# 1-0

[Event "Michigan Action"]
[Site "Detroit, MI"]
[Date "2000.12.16"]
[Round "4.8"]
[White "Steen, Harold"]
[Black "Prong, Clint"]
[Result "1-0"]
[WhiteElo "1618"]
[BlackElo "1230"]
[PlyCount "62"]
[EventDate "2000.12.16"]

1. d4 Nf6 2. Nf3 d5 3. e3 e6 4. Bd3 Bd6 5. b3 Nc6 6. Bb2 Bd7 7. O-O Qe7 8. a3
O-O-O 9. Ne5 h5 10. f4 Ng4 11. Qe2 Bxe5 12. fxe5 f6 13. exf6 gxf6 14. c4 f5 15.
c5 Rdg8 16. h3 Qh4 17. Nd2 Nh6 18. Rf3 Rg7 19. Raf1 Rhg8 20. R1f2 Nf7 21. Kh2
e5 22. dxe5 Nfxe5 23. Rf4 Qg3+ 24. Kh1 Rg6 25. Bxf5 Bxf5 26. Rxf5 Ng4 27. hxg4
Rxg4 28. Rxh5 Rh4+ 29. Rxh4 Qxh4+ 30. Kg1 Rg6 31. Rf8+ Kd7 1-0

[Event "Michigan Action"]
[Site "Detroit, MI"]
[Date "2000.12.16"]
[Round "6.9"]
[White "Steen, Harold"]
[Black "Almasy, Roy"]
[Result "0-1"]
[WhiteElo "1618"]
[BlackElo "1141"]
[PlyCount "24"]
[EventDate "2000.12.16"]

1. d4 d5 2. Nf3 Nf6 3. e3 Nc6 4. Bd3 Bg4 5. b3 e6 6. Bb2 Bd6 7. O-O O-O 8. a3
Ne4 9. Be2 Qf6 10. Nbd2 Qg6 11. Ne5 Bxe5 12. Nxe4 Qh5 {End of scoresheet} 0-1

[Event "Michigan Action"]
[Site "Detroit, MI"]
[Date "2000.12.16"]
[Round "1.9"]
[White "Spencer, Tyrone"]
[Black "Marson, Michael"]
[Result "0-1"]
[WhiteElo "957"]
[BlackElo "1779"]
[PlyCount "102"]
[EventDate "2000.12.16"]

1. e4 e6 2. d4 d5 3. e5 c5 4. c3 Nc6 5. Nf3 Qb6 6. Be2 cxd4 7. cxd4 Bb4+ 8. Bd2
Nge7 9. Bc3 Bd7 10. O-O O-O 11. Qd2 Rac8 12. Rc1 Ng6 13. a3 Be7 14. b4 a6 15.
Bb2 f6 16. Nc3 fxe5 17. Na4 Qd8 18. Nc5 e4 19. Ng5 Bxg5 20. Qe1 Bxc1 21. Rxc1
Nce7 22. Nxb7 Rxc1 23. Qxc1 Qc8 24. Bxa6 Qxc1+ 25. Bxc1 Bc8 26. Nc5 Bxa6 27.
Nxa6 e5 28. Bb2 exd4 29. Bxd4 Nf4 30. Kf1 Rc8 31. Nc5 Nf5 32. Be5 Nd3 33. Bc3
Nxc5 34. bxc5 d4 35. Bd2 Rxc5 36. Ke2 Rc2 37. Kd1 d3 38. a4 Ra2 39. a5 Nd4 40.
Kc1 Nb3+ 41. Kb1 Rxd2 42. a6 Rd1+ 43. Kb2 Ra1 44. Kxb3 Rxa6 45. Kc3 Kf7 46. Kd2
Ke6 47. Kc3 Ke5 48. Kd2 Kd4 49. Kd1 e3 50. fxe3+ Kxe3 51. Ke1 Ra1# 0-1

[Event "Michigan Action"]
[Site "Detroit, MI"]
[Date "2000.12.16"]
[Round "5.14"]
[White "Spencer, Tyrone"]
[Black "Choate, Eric"]
[Result "0-1"]
[WhiteElo "957"]
[BlackElo "1322"]
[PlyCount "62"]
[EventDate "2000.12.16"]

1. e4 e5 2. Nf3 d6 3. Bc4 Be7 4. h3 Nf6 5. Nc3 O-O 6. O-O c6 7. d4 exd4 8. Qxd4
Nbd7 9. Re1 h6 10. e5 dxe5 11. Nxe5 Bc5 12. Qd1 Nxe5 13. Rxe5 Bd4 14. Re2 Bxc3
15. Qd3 Qxd3 16. cxd3 Bd4 17. Bf4 Bd7 18. Rc1 Rfe8 19. Rce1 Bxb2 20. Rxe8+ Rxe8
21. Rb1 Be5 22. Be3 b6 23. d4 Bd6 24. a4 Be6 25. Bd3 Bd5 26. Rc1 Ne4 27. Kf1
Bb4 28. Ke2 Nc3+ 29. Kf1 f6 30. Rc2 Nd1 31. Re2 Nxe3+ {Game does not make
sense after this move.} 0-1

[Event "Michigan Action"]
[Site "Detroit, MI"]
[Date "2000.12.16"]
[Round "5.4"]
[White "Skidmore, Mike"]
[Black "Steen, Harold"]
[Result "1-0"]
[WhiteElo "1831"]
[BlackElo "1618"]
[Annotator "Jeff Aldrich"]
[PlyCount "41"]
[EventDate "2000.12.16"]

{Sicilian} 1. e4 c5 2. Nf3 e6 3. Nc3 a6 4. d3 d6 5. Be2 Nc6 6. O-O Be7 7. Re1
Nf6 8. Bg5 Qc7 9. Qd2 b5 10. h3 b4 11. Nd1 Bb7 12. Ne3 h6 13. Bf4 O-O 14. Bf1
e5 {DIAGRAM} 15. Bxh6 $6 {Nothing wrong with being aggressive at an Action
tourney.} gxh6 16. Nf5 Nh7 $2 ({Black actually had a good defense with} 16...
Bc8 17. N3h4 Nd4 {The idea is to get remove the knight from f5 with exchanges
or otherwise. With the text, black just get crushed.}) 17. Qxh6 Bf6 18. Ng5
Nxg5 19. Qxf6 Ne6 20. Re3 Ne7 21. Nxe7+ 1-0

[Event "Michigan Action"]
[Site "Detroit, MI"]
[Date "2000.12.16"]
[Round "3.1"]
[White "Skidmore, Mike"]
[Black "Finegold, Ben"]
[Result "0-1"]
[WhiteElo "1831"]
[BlackElo "2588"]
[Annotator "Jeff Aldrich"]
[PlyCount "59"]
[EventDate "2000.12.16"]

1. e4 c5 2. Nf3 Nc6 3. Bb5 e6 4. Bxc6 {The Rossilomo is another way to avoid
the main lines of the Open Sicilian, but it does have some drawbacks. It
immediately gives up the bishop pair and strengthens black's center.} bxc6 5.
O-O Ne7 6. d3 Ng6 7. c4 e5 8. Nc3 Be7 9. Ne1 O-O 10. f4 exf4 11. Bxf4 Nxf4 12.
Rxf4 {White gives up the other bishop to open up the game. But, bishops are
usually better in space, and they will soon dominate the knights.} Bg5 13. Rf1
d6 14. Nf3 Be3+ 15. Kh1 f5 16. Qe2 Bf4 17. g3 Bh6 18. exf5 Bxf5 19. Nh4 Bh3 20.
Rxf8+ Qxf8 21. Ng2 Re8 {The key to the game is now control of the e and
f-files. Black is much better prepared to take advantage.} 22. Qf1 Qe7 23. Qf2
Rf8 24. Qe2 Qf7 25. Ne4 Bg4 $1 {Taking advantage of the king on the back-rank.
The scope of the bishops severely limits the queen's options.} 26. Qe1 Bf3 27.
Kg1 Bxg2 28. Kxg2 Qf3+ 29. Kh3 Rf5 30. Nxd6 {And white resigns before black
can mate.} 0-1

[Event "Michigan Action"]
[Site "Detroit, MI"]
[Date "2000.12.16"]
[Round "6.2"]
[White "Skidmore, Mike"]
[Black "Chobanyan, Sergei"]
[Result "0-1"]
[WhiteElo "1831"]
[BlackElo "2295"]
[PlyCount "52"]
[EventDate "2000.12.16"]

1. e4 d5 2. exd5 Nf6 3. Bb5+ Bd7 4. Bxd7+ Qxd7 5. c4 c6 6. dxc6 Nxc6 7. Nf3 e5
8. Nc3 e4 9. Qe2 O-O-O 10. Ng5 Nd4 11. Qd1 h6 12. Nh3 g5 13. O-O Bd6 14. f4
exf3 15. Rxf3 Nxf3+ 16. Qxf3 g4 17. Qxf6 gxh3 18. d4 Rhg8 19. g3 Qc6 20. Qf5+
Kb8 21. Qxh3 Qxc4 22. Ne4 Qxd4+ 23. Nf2 Rg6 24. Bxh6 Qxb2 25. Rd1 Rh8 26. Qd7
Rgxh6 0-1

[Event "Michigan Action"]
[Site "Detroit, MI"]
[Date "2000.12.16"]
[Round "2.4"]
[White "Skidmore, Jennifer"]
[Black "Raugh, Walter"]
[Result "1-0"]
[WhiteElo "1924"]
[BlackElo "1425"]
[Annotator "Jeff Aldrich"]
[PlyCount "65"]
[EventDate "2000.12.16"]

{Sicilian: Closed (Zukertort)} 1. e4 c5 2. Nc3 Nc6 3. f4 {Prelude to an attack.
The Closed Sicilian takes black away from the more heavily analyzed lines of
the Sicilian.} d6 4. Nf3 Bg4 5. Bb5 e6 6. Bxc6+ bxc6 7. O-O Nf6 8. d3 Be7 9.
Qe1 Qb6 10. Kh1 O-O 11. Rb1 Rfd8 12. h3 Bxf3 {Forced, since the bishop would
run out of squares otherwise.} 13. Rxf3 Bf8 14. Qh4 Be7 15. Qf2 Bf8 16. Be3 Qc7
17. Rf1 g6 18. g4 Bg7 19. f5 exf5 20. exf5 Nd5 21. fxg6 fxg6 22. Rf7 Rd7 23.
Rf3 Nxe3 24. Qxe3 Re7 25. Qd2 Bd4 26. Ne4 Bxb2 $2 {Grabbing a pawn but
removing a key king-side defender.} ({Black would be better centralizing his
other rook with} 26... Rae8) 27. c3 $1 {Cutting off communication with the
king-side.} Ba3 28. Qh6 {DIAGRAM Now, with the bishop far away, all the black
squares around the king are free to use for the attack and mate will follow.}
Rg7 29. Nf6+ Kh8 30. Nxh7 Rag8 31. Rf8 Qe7 32. Nf6+ Rh7 33. Rxg8# 1-0

[Event "Michigan Women's"]
[Site "Detroit, MI"]
[Date "2000.12.16"]
[Round "1.1"]
[White "Skidmore, Jennifer"]
[Black "Dyer, Rosanna"]
[Result "1-0"]
[WhiteElo "1924"]
[BlackElo "745"]
[PlyCount "99"]
[EventDate "2000.12.16"]

1. e4 e5 2. f4 d6 3. Nf3 Nc6 4. Bc4 h6 5. O-O Nf6 6. Nc3 Be7 7. d3 O-O 8. a3
Bg4 9. Qe1 Bxf3 10. Rxf3 Nd4 11. Rf2 Ng4 12. Rd2 Bh4 13. Qd1 Ne3 14. Qh5 Nexc2
15. Rb1 Ne3 16. Ne2 Nxc4 17. dxc4 Nb3 18. Rd3 Nc5 19. Rh3 Bf6 20. Nc3 Nd3 21.
Rxd3 exf4 22. Bxf4 Bxc3 23. Rxc3 Qf6 24. Rf1 Qd4+ 25. Kh1 Rae8 26. Rg3 Re6 27.
Bxh6 Rxh6 28. Qxh6 Re8 29. Qf4 Re7 30. Qg5 f6 31. Qd5+ Qxd5 32. exd5 Kf7 33. h3
c6 34. Rd1 Re2 35. b3 Rb2 36. dxc6 bxc6 37. Rxd6 Rb1+ 38. Kh2 Re1 39. Rxc6 g5
40. Rf3 Re6 41. Rxe6 Kxe6 42. Re3+ Kf7 43. c5 f5 44. c6 f4 45. Re1 Kf6 46. c7
Kf5 47. c8=Q+ Kf6 48. Qf8+ Kg6 49. Re6+ Kh7 50. Rh6# 1-0

[Event "Michigan Women's"]
[Site "Detroit, MI"]
[Date "2000.12.16"]
[Round "3.1"]
[White "Skidmore, Jennifer"]
[Black "Chapman, Beatrice"]
[Result "1-0"]
[WhiteElo "1924"]
[BlackElo "1194"]
[Annotator "Jeff Aldrich"]
[PlyCount "55"]
[EventDate "2000.12.16"]

{Sicilian: Closed (Zukertort)} 1. e4 c5 2. Nc3 Nc6 3. f4 {This opening
definitely fits Jennifer's aggressive style.} g6 4. Nf3 Bg7 5. Bb5 Nf6 6. O-O
O-O 7. Bxc6 dxc6 $6 (7... bxc6 {gives Black the opportunity to challenge in
the center with ...d5 later. The text move hands the entire center over to
White.}) 8. d3 Bg4 9. Be3 b6 10. h3 Bd7 11. Qe1 Qc7 12. Qh4 Rfe8 13. Ne2 Nh5
14. c3 f5 15. g4 {White can afford to open her king-side like this because the
Black pieces are in no position to take advantage of the open king.} fxg4 16.
hxg4 Nf6 17. f5 Kf7 $2 {This is like stepping into a right-hook.} 18. Ng5+ Kg8
19. Nf4 e5 20. fxe6 Bc8 21. e5 Qxe5 22. Rae1 Qd6 23. Nf7 Qe7 {DIAGRAM} 24. Nxg6
$1 {Clearing the f-file for the rook.} hxg6 25. Bg5 Bxe6 26. Rxf6 Bxf6 $2 ({
After} 26... Qxf7 27. Rxf7 Bxf7 {Black has a bishop and rook for the queen
with a fighting chance.}) 27. Bxf6 Qxf7 28. Qh8# 1-0

[Event "Michigan Action"]
[Site "Detroit, MI"]
[Date "2000.12.16"]
[Round "6.17"]
[White "Rodriguez, Rigoberto"]
[Black "Cook, John"]
[Result "0-1"]
[WhiteElo "769"]
[BlackElo "1004"]
[PlyCount "54"]
[EventDate "2000.12.16"]

1. d4 g6 2. c4 Bg7 3. e3 d6 4. Nf3 Nf6 5. Bd3 b6 6. Nbd2 Bb7 7. e4 O-O 8. O-O
e6 9. Re1 Re8 10. e5 dxe5 11. Rxe5 Nfd7 12. Re3 c5 13. Nb3 Nc6 14. Be4 Nf6 15.
Qd2 Nxe4 16. Rxe4 Nxd4 17. Rxd4 cxd4 18. Nfxd4 e5 19. Nf3 Bxf3 20. gxf3 Qxd2
21. Bxd2 e4 22. c5 bxc5 23. Nxc5 exf3 24. Na6 Rac8 25. Bf4 Bxb2 26. Rb1 Bc3 27.
Rb7 Re1# 0-1

[Event "Michigan Action"]
[Site "Detroit, MI"]
[Date "2000.12.16"]
[Round "5.5"]
[White "Rayon, Shawn"]
[Black "West, Tony"]
[Result "0-1"]
[WhiteElo "1248"]
[BlackElo "1731"]
[PlyCount "118"]
[EventDate "2000.12.16"]

1. c4 e5 2. d3 Nf6 3. Nf3 Nc6 4. Nc3 Bb4 5. Bd2 O-O 6. g3 Re8 7. a3 Bf8 8. Bg2
d5 9. cxd5 Nxd5 10. O-O Be6 11. Ng5 Nxc3 12. bxc3 Bd5 13. Nf3 Qd7 14. c4 Be6
15. Bc3 Bh3 16. Qb3 Bxg2 17. Kxg2 Rab8 18. Rfb1 Nd4 19. Bxd4 exd4 20. Qb2 c5
21. Ra2 h6 22. Qd2 Rbd8 23. a4 Re6 24. a5 Rde8 25. Qd1 Be7 26. Rab2 Rb8 27. Qd2
b6 28. axb6 Rbxb6 29. Rxb6 Rxb6 30. Rxb6 axb6 31. Qf4 Bd6 32. Qe4 Qe6 33. Qa8+
Kh7 34. Ng1 Be7 35. Qf3 Kg8 36. e3 g6 37. Ne2 dxe3 38. fxe3 Bg5 39. e4 Qe5 40.
Nf4 Bxf4 41. gxf4 Qb2+ 42. Kg3 Kg7 43. e5 Qd4 44. Kg2 b5 45. cxb5 Qb2+ 46. Kg3
Qxb5 47. Qd5 Qb4 48. Qf3 Qd4 49. h3 g5 50. Kg4 gxf4 51. Qxf4 Qxf4+ 52. Kxf4 Kg6
53. Kg4 f6 54. e6 f5+ 55. Kh4 Kf6 56. Kg3 Kxe6 57. Kf4 Kd5 58. h4 h5 59. Ke3
Ke5 0-1